000 01064nam a2200241 a 4500
001 000039675
003 DO-SdBNP
005 20250703135721.0
008 130715s2008 dr ad 001 0 spa d
040 _aDO-SdBNP
_bspa
_cBNPHU
082 4 _a379.7293
_bR426c
_222
110 2 _aRepública Dominicana.
_bSecretaría de Estado de Educación
_9607
245 1 0 _aCamino a una nueva reforma del sector educación en la República Dominicana :
_bproyecto de Asistencia Técnica Institucional (ATI) Unión Europea.
246 1 4 _aCamino a la segunda reforma del sector educación en la R.D.
260 _aSanto Domingo :
_bSecretaría de Estado de Educación :
_bProyecto de Asistencia Técnica Institucional (ATI),
_c2008.
300 _a368 p. :
_bil., gráfcs. ;
_c27 cm.
590 _aInventariado, 2018/ YL
650 4 _aEducación y estado
_zRepública Dominicana
_910500
650 4 _aPlanificación educativa
_zRepública Dominicana
_917113
650 4 _aEducación
_zRepública Dominicana
_9737
910 _aValidado. Control de calidad EMS.
942 _2ddc
_cLBS1
999 _c39165
_d39165